000
00325 a2200157 4500
001
58417
020
_a
040
_c
Anchieta - Pituba
100
_a
Almeida, José Américo de
240
1
0
_a
A bagaceira
_l
por
245
1
0
_a
A bagaceira
300
_a
173
362
0
_a
1968
650
4
_a
Ficção brasileira
942
_c
BK
999
_c
58417
_d
58417